V.V. Pavľuk: Psichologija sovremennych verujuščich i ateističeskoje vospitanije

Bibliographic Details
Main Authors: Musil, M. (Author), Pavľuk, V.V (Author)
Format: Article
Language:Slovak
Subjects:

MARC

LEADER 00000nab a2200000 a 4500
001 vtls000050690
003 SK-MaSNL
005 20260304063657.0
008 250422c1979 xo 0 slo
015 |a SNBRB19rr/mm-uuuuu 
035 |a CL0060787 
035 |a urn:nbn:sk:snk-ab2t00 
035 |a (urnnbn)urn:nbn:sk:snk:ar-a02w7w 
035 |a (uuid)c709b29e-1600-498a-b1c1-8a668fcccb88 
040 |a SNKBUCL  |b slo  |c SNKBUCL  |e AACR2 
041 0 |a slo 
044 |a xo  |c SK 
080 |a 159.9  |2 1981 
080 |a 141.45  |2 1981 
100 1 |a Musil, M.  |4 aut  |9 1338356 
245 1 0 |a V.V. Pavľuk: Psichologija sovremennych verujuščich i ateističeskoje vospitanije  |c M. Musil ; V.V. Pavľuk 
650 0 7 |a psychológia  |2 snkbucl  |9 807 
650 0 7 |a veriaci  |2 snkbucl  |9 1019009 
650 0 7 |a výchova ateistická  |2 snkbucl  |9 924343 
655 7 |a články z novín a časopisov  |2 snkbucl  |9 267496 
700 1 |a Pavľuk, V.V.  |4 aut  |9 1350401 
773 0 |t Psychológia a patopsychológia dieťaťa  |g Roč. 14, č. 6 (1979), s. 547-548 
787 0 8 |i Rec.:  |a Pavľuk, V.V.  |t Psichologija sovremennych verujuščich i ateističeskoje vospitanije  |d Ľvov, 1976 
850 |a Slovenská národná knižnica 
852 |a Slovenská národná knižnica 
954 |a odborná, vedecká literatúra pôvodná (slovenská)  |2 lita 
958 |a article2022 
958 |a RK 
958 |a RU 
958 |a OND 
958 |a EUIPO 
992 |a RBX 
999 |c 2743665  |d 2745595